Liedtext Astronaut - Sido, Andreas Bourani - Statistiken

Allgemein
  • Dieses Quiz wurde 266 mal gespielt
  • Das Durchschnittsergebnis liegt bei 301 aus 462
Antwortstatistiken
Worte % Korrekt
Astronaut
97%
ein
97%
Ich
97%
ich
97%
nicht
97%
wie
96%
Wie
96%
und
95%
Und
95%
ab
94%
am
94%
Boden
94%
mich
94%
alle
93%
heb
93%
hält
92%
Nichts
92%
nichts
92%
Alles
91%
alles
91%
grau
91%
geflogen
90%
Bin
88%
bin
88%
lange
86%
blass
85%
die
84%
Die
84%
so
82%
Oben
79%
oben
79%
der
77%
Der
77%
seh
77%
von
77%
Von
77%
im
76%
Im
76%
Welt
75%
schon
74%
zu
74%
Wir
73%
wir
73%
hab
70%
hier
68%
Hier
68%
da
66%
mehr
66%
doch
64%
sind
63%
Sind
63%
das
62%
es
61%
Es
61%
Rest
61%
für
60%
Hab'n
60%
hab'n
60%
in
60%
haben
59%
ist
59%
hör
58%
sie
58%
verblasst
58%
aus
55%
her
55%
noch
55%
auf
54%
bis
53%
fällt
52%
Unten
52%
unten
52%
Zeit
52%
Raum
51%
nach
50%
Blau
49%
Einer
49%
geht
49%
kein
49%
uns
49%
en
48%
verloren
48%
voll
48%
immer
47%
Millionen
46%
'nem
46%
vergessen
46%
kleiner
45%
Milliarden
45%
wer
45%
hundert
44%
Hundert
44%
mit
44%
Mit
44%
überm
44%
zahl'n
44%
mir
43%
Punkt
43%
um
43%
dass
42%
nur
42%
sein
42%
bei
41%
Besseres
41%
Dreck
41%
gibt
41%
leer
41%
man
41%
zum
41%
friedlich
40%
gehts
40%
Herz
40%
hör'n
40%
Köpfe
40%
Leben
40%
Löcher
40%
Menschen
40%
verstummt
40%
war'n
40%
fehlt
39%
Gefühl
39%
Menschlichkeit
39%
sieht
39%
viel
39%
Vor
39%
einem
38%
Farbe
38%
Haut
38%
Wein
38%
acht
37%
Asche
37%
Becher
37%
gehöre
37%
gestern
37%
lieben
37%
morgen
37%
Stein
37%
Stimme
37%
Vernunft
37%
vollgefressen
37%
woll'n
37%
eigentlich
36%
keine
36%
passen
36%
wieder
36%
Zurück
36%
Dunkel
35%
Fast
35%
Hals
35%
ins
35%
Oh
35%
oh
35%
passt
35%
Sitzen
35%
Staub
35%
bleiben
34%
Dieser
34%
dieser
34%
Nacht
34%
Probleme
34%
Sorgen
34%
gern
33%
Unendliche
33%
unter
33%
verpasst
33%
Wimpernschlag
33%
Wunder
33%
Ertränken
32%
gar
32%
hoffen
32%
höher
32%
Jahren
32%
Lächeln
32%
längst
32%
steh'n
32%
brechen
31%
Gott
31%
Last
31%
macht
31%
Schnauze
31%
würd
31%
gehör'n
30%
Lassen
30%
liegen
30%
Anblick
29%
euch
29%
Grenzen
29%
rum
29%
Schönheit
29%
vermag
29%
fünf
28%
laufen
28%
tragen
28%
bauen
27%
hab'n
27%
dazu
26%
Denn
26%
beim
25%
Langsam
25%
plötzlich
25%
ganze
24%
Lärm
23%
manchmal
21%
Keine übereinstimmenden Quizze gefunden
Verteilung der Resultate
Anzahl Personen mit jedem Resultat
Perzentil nach korrekt beantworteten Fragen
Ihre Resultats-Entwicklung
Sie haben dieses Quiz noch nicht gespielt